[Event "31. DSenEM2019 Gruppe 65+"]
[Site "Radebeul"]
[Date "2019.04.26"]
[Round "1.25"]
[White "Schmidt, Gerhard"]
[Black "Klimpel, Siegfried"]
[Result "1-0"]
[BlackElo "1856"]
[BlackTeam "TSV Kareth-Lappersdorf"]
[EventDate "2019.??.??"]
[PlyCount "45"]
[WhiteElo "2172"]
[WhiteTeam "SC Unterhaching"]

1. d4 d5 2. Nf3 c6 3. e3 e6 4. c4 Nd7 5. Bd3 Ngf6 6. Nbd2 Be7 7. O-O O-O 8. e4
dxe4 9. Nxe4 Nxe4 10. Bxe4 c5 11. Bc2 cxd4 12. Qxd4 Qa5 13. Bd2 Qc5 14. Qd3 g6
15. Bc3 Nf6 16. Rfd1 Ng4 17. Rd2 a5 18. Rad1 Qc7 19. h3 Nf6 20. Ne5 b6 21. Qg3
Nh5 22. Ng4 Nxg3 23. Nh6#  1-0

[Event "31. DSenEM2019 Gruppe 65+"]
[Site "Radebeul"]
[Date "2019.04.26"]
[Round "1.26"]
[White "Josting, Friedel"]
[Black "Kannenberg, Karl-Heinz"]
[Result "1/2-1/2"]
[BlackElo "2169"]
[BlackTeam "SC Kitzingen"]
[EventDate "2019.??.??"]
[PlyCount "0"]
[WhiteElo "1855"]
[WhiteTeam "SG Bünde"]

1. d4 d5 2. Nf3 Nf6 3. g3 e6 4. Bg2 c6 5. O-O Nbd7 6. Nbd2 Be7 7. b3 O-O 8. Bb2
a5 9. c4 b6 10. a4 Bb7 11. Re1 Rc8 12. Rc1 Rc7 13. Rc2 c5 14. cxd5 Nxd5 15. Nc4
Qa8 16. Nfe5 Nxe5 17. Nxe5 Nb4 18. Bxb7 Qxb7 19. Rd2 Nc6 20. Nxc6 Qxc6 21. d5
exd5 22. Rxd5 Rcc8 23. e4 Rcd8 24. Qg4 Bf6 25. Bxf6 Qxf6 26. Red1 g6 27. Qf4
Rxd5 28. Rxd5 Qc3 29. Qe3 Qxe3 30. fxe3 Re8 31. e5 Rc8 32. Kf2 c4 33. bxc4 Rxc4
34. Rd4 Rc2+ 35. Kf3 Rxh2 36. Rd6 Ra2 37. Rxb6 Rxa4 38. Ra6 Kf8 39. Ra7 h6 40.
Ke2 Ra1 41. Kd3 a4 42. Ke4 a3 43. Ra8+ Kg7 44. Ra7 a2 45. e6 Kf8 46. Rxf7+ Ke8
47. Ra7 Rg1 48. Rxa2 Rxg3 49. Ra7 Rg5 50. Rf7 h5 51. Kf4 Ra5 52. Rg7 Rf5+ 53.
Ke4 Rg5  1/2-1/2

[Event "31. DSenEM2019 Gruppe 65+"]
[Site "Radebeul"]
[Date "2019.04.26"]
[Round "1.27"]
[White "Böhm, Erwin"]
[Black "Just, Gabriele"]
[Result "1-0"]
[BlackElo "1855"]
[BlackTeam "SG Leipzig"]
[EventDate "2019.??.??"]
[PlyCount "55"]
[WhiteElo "2155"]
[WhiteTeam "SV Dresden-Leuben"]

1. e4 e6 2. d4 d5 3. Nd2 Nc6 4. c3 Nf6 5. e5 Nd7 6. f4 a5 7. Ndf3 f6 8. Bd3 b6
9. Ne2 Ba6 10. f5 Bxd3 11. Qxd3 Qe7 12. fxe6 Qxe6 13. Nf4 Qg8 14. e6 Ndb8 15.
O-O Kd8 16. Re1 Bd6 17. Nxd5 Ne7 18. Nxe7 Kxe7 19. d5 Qe8 20. Be3 Na6 21. Nd4
g6 22. Nc6+ Kf8 23. Rf1 Kg7 24. Rxf6 Rf8 25. Rxf8 Bxf8 26. Rf1 Bc5 27. Rf7+ Kg8
28. Bd4  1-0

[Event "31. DSenEM2019 Gruppe 65+"]
[Site "Radebeul"]
[Date "2019.04.26"]
[Round "1.28"]
[White "Hadlich, Winfried"]
[Black "Beilfuss, Wilfried"]
[Result "0-1"]
[BlackElo "2148"]
[EventDate "2019.??.??"]
[PlyCount "76"]
[WhiteElo "1854"]
[WhiteTeam "SV Holstein Quickborn"]

1. d4 Nf6 2. Bf4 e6 3. e3 c5 4. Bd3 b6 5. c3 Bb7 6. Nf3 Be7 7. Nbd2 O-O 8. O-O
Ba6 9. Qe2 Bxd3 10. Qxd3 Nc6 11. e4 cxd4 12. Nxd4 Nxd4 13. cxd4 d5 14. e5 Nd7
15. Qg3 Kh8 16. Nf3 Rc8 17. Rac1 Nb8 18. h4 Qd7 19. Bd2 Qa4 20. a3 Nc6 21. Bc3
b5 22. Qf4 a5 23. Qe3 b4 24. axb4 axb4 25. Bd2 Qb5 26. b3 Na5 27. Ra1 Ra8 28.
Rfc1 Rfc8 29. g3 h6 30. Ne1 Rxc1 31. Rxc1 Nc6 32. Nd3 Ra3 33. Nc5 Kh7 34. Qf4
Kg8 35. Qg4 Kh8 36. Nxe6 fxe6 37. Qxe6 Ra6 38. Kg2 Qb7  0-1

[Event "31. DSenEM2019 Gruppe 65+"]
[Site "Radebeul"]
[Date "2019.04.26"]
[Round "1.29"]
[White "Knaak, Joachim"]
[Black "Schmidt, Hans-Gerd"]
[Result "1-0"]
[BlackElo "1850"]
[BlackTeam "TuS Coswig"]
[EventDate "2019.??.??"]
[PlyCount "47"]
[WhiteElo "2139"]
[WhiteTeam "SV Dresden-Leuben"]

1. d4 Nf6 2. c4 g6 3. Nc3 Bg7 4. e4 d6 5. f3 O-O 6. Be3 Nc6 7. Nge2 e5 8. d5 Ne7
9. Ng3 Ne8 10. Bd3 f5 11. exf5 Nxf5 12. Nxf5 Bxf5 13. Bxf5 gxf5 14. O-O Kh8 15.
Qd2 Qf6 16. Rac1 Qg6 17. Kh1 Rg8 18. Rg1 Nf6 19. b4 a5 20. bxa5 Rxa5 21. Nb5
Rga8 22. Nxc7 f4 23. Nxa8 fxe3 24. Qxa5  1-0

[Event "31. DSenEM2019 Gruppe 65+"]
[Site "Radebeul"]
[Date "2019.04.26"]
[Round "1.30"]
[White "Wolter, Günter"]
[Black "Lutz, Albert"]
[Result "1/2-1/2"]
[BlackElo "2138"]
[BlackTeam "SK Krumbach"]
[EventDate "2019.??.??"]
[PlyCount "0"]
[WhiteElo "1849"]
[WhiteTeam "TSG Neustrelitz"]

1. e4 d6 2. d4 Nf6 3. Nc3 g6 4. h3 Bg7 5. Nf3 c6 6. Be3 Nbd7 7. Bd3 e5 8. dxe5
dxe5 9. Qd2 O-O 10. O-O-O b5 11. g4 Qa5 12. Kb1 Rb8 13. b3 Re8 14. Ne2 Qc7
15. Ng3 Nb6 16. Qc3 a6 17. g5 Nfd7 18. h4 c5 19. h5 b4 20. Qe1 c4 21. Be2 a5
22. Qf1 c3 23. Bb5 a4 24. Bxb6 Rxb6 25. Bxa4 Re7 26. hxg6 hxg6 27. Nh4 Nc5 28.
Bb5 Ba6 29. Bxa6 Rxa6 30. a4 Rc6 31. Rd5 Ne6 32. Nf3 Nf4 33. Rb5 Rb6 34. Rxb6
Qxb6 35. Ne2 Ne6 36. Nc1 Qb7 37. Qe2 Nd4 38. Nxd4 exd4 39. f3 Re5 40. Qg2 Qe7
41. Rg1 Ra5 42. Nd3 Ra8 43. f4 Re8 44. e5 Bf8 45. Qc6 Rb8 46. Nf2 Qc5 47. Qxc5
Bxc5 48. Ne4 Be7 49. Nf6+ Bxf6 50. gxf6 Rd8 51. Rg3 Rd5 52. Rh3 g5 53. Rg3 Kf8
54. Rxg5 d3 55. cxd3 Rxd3 56. Rg2 Ke8 57. Rf2 Re3 58. Kc2 Kd7 59. Rf1 Kc6
60. Rf2 Kd5 61. Rf1 Re2+ 62. Kc1 Re4 63. Kc2 Re2+  1/2-1/2

[Event "31. DSenEM2019 Gruppe 65+"]
[Site "Radebeul"]
[Date "2019.04.26"]
[Round "1.31"]
[White "Falk, Thomas"]
[Black "Weber, Martin"]
[Result "1/2-1/2"]
[Annotator "lenovo"]
[BlackElo "1848"]
[BlackTeam "SV Betzdorf-Kirchen"]
[EventDate "2019.??.??"]
[PlyCount "60"]
[WhiteElo "2135"]
[WhiteTeam "SV Oberursel"]

1. Nf3 c5 2. c4 e6 3. Nc3 a6 4. g3 b6 5. Bg2 Bb7 6. O-O Nc6 7. e3 Qc7 8. b3 Be7
9. Bb2 Nf6 10. d4 cxd4 11. exd4 O-O 12. d5 exd5 13. cxd5 Nb4 14. Rc1 Qd6 15.
Nd4 g6 16. Re1 Rfe8 17. Ba3 Bf8 18. Qf3 Rxe1+ 19. Rxe1 Re8 20. Rxe8 Nxe8 21.
Nc2 a5 22. Ne3 Qe5 { ( = )}  23. Bb2 Nd3 24. Ba1 Ne1 25. Qe4 Bg7 26. Bb2 Nd6
27. Qxe5 Bxe5 28. Na4 Bxb2 29. Nxb2 Nxg2 30. Kxg2 b5 { ( = )}   1/2-1/2

[Event "31. DSenEM2019 Gruppe 65+"]
[Site "Radebeul"]
[Date "2019.04.26"]
[Round "1.32"]
[White "Hellwege, Werner"]
[Black "Lenk, Wolfgang"]
[Result "0-1"]
[BlackElo "2134"]
[BlackTeam "USV TU Dresden"]
[EventDate "2019.??.??"]
[PlyCount "74"]
[WhiteElo "1845"]
[WhiteTeam "HSK Lister Turm"]

1. d4 Nf6 2. Nf3 g6 3. g3 Bg7 4. Bg2 O-O 5. O-O d6 6. c4 Nc6 7. Nc3 a6 8. h3 Rb8
9. e4 Nd7 10. Be3 b5 11. cxb5 axb5 12. Rc1 Na5 13. b3 c5 14. dxc5 dxc5 15. Qc2
c4 16. Nd5 e6 17. Nb4 Qe7 18. Bd2 Bb7 19. bxc4 Nxc4 20. Rfe1 Rfc8 21. Qb1 Nc5
22. Bf4 Na3 23. Nd5 exd5 24. Qb4 Ra8 25. exd5 Qf8 26. Red1 Ra4 27. Qe1 Bb2 28.
Rxc5 Rxc5 29. d6 Bf6 30. d7 Rd5 31. Rxd5 Bxd5 32. Qe8 Ra8 33. Qxf8+ Kxf8 34.
Nd4 Bxg2 35. Kxg2 Bxd4 36. Bd6+ Kg8 37. Bxa3 Rd8  0-1

[Event "31. DSenEM2019 Gruppe 65+"]
[Site "Radebeul"]
[Date "2019.04.26"]
[Round "1.33"]
[White "Simon, Ralf-Axel"]
[Black "Lekakh, Mikhail"]
[Result "1-0"]
[BlackElo "1841"]
[BlackTeam "Oberbilker SV"]
[EventDate "2019.??.??"]
[PlyCount "63"]
[WhiteElo "2126"]
[WhiteTeam "SK Ricklingen"]

1. Nf3 Nf6 2. c4 b6 3. g3 Bb7 4. Bg2 c5 5. O-O Nc6 6. d4 cxd4 7. Nxd4 Qc8 8. Bg5
h6 9. Bxf6 gxf6 10. Nc3 Nxd4 11. Bxb7 Nxe2+ 12. Qxe2 Qxb7 13. Nd5 Qc6 14. Rfe1
e5 15. Qf3 Be7 16. Nc7+ Kd8 17. Qxc6 dxc6 18. Nxa8 Bc5 19. Rad1+ Kc8 20. Re4
Rd8 21. Rxd8+ Kxd8 22. Rh4 Bf8 23. Rg4 Kd7 24. Rg8 Bd6 25. Rh8 e4 26. Rxh6 Be5
27. b3 Kc8 28. Rh7 Kb8 29. Rxf7 Kxa8 30. h4 e3 31. fxe3 Bxg3 32. h5  1-0

[Event "31. DSenEM2019 Gruppe 65+"]
[Site "Radebeul"]
[Date "2019.04.26"]
[Round "1.34"]
[White "Krotofil, Kurt"]
[Black "Goldberg, Valerij"]
[Result "0-1"]
[BlackElo "2117"]
[BlackTeam "SV Lok Dresden"]
[EventDate "2019.??.??"]
[PlyCount "78"]
[WhiteElo "1840"]
[WhiteTeam "Niendorfer TSV"]

1. d4 Nf6 2. c4 c5 3. d5 e6 4. Nc3 exd5 5. cxd5 d6 6. e4 g6 7. Nf3 Bg7 8. Bd3
O-O 9. O-O Bg4 10. h3 Bxf3 11. Qxf3 Nbd7 12. Bf4 Qe7 13. Qg3 Ne8 14. Bg5 f6 15.
Bd2 Ne5 16. Be2 f5 17. f4 Nd7 18. Bd3 Bd4+ 19. Kh1 Ng7 20. Rae1 Qf6 21. Qg5
Qxg5 22. fxg5 Ne5 23. Bc2 Nh5 24. Ne2 fxe4 25. Rxf8+ Rxf8 26. Nxd4 cxd4 27.
Bxe4 Rf2 28. Bb4 Nf7 29. Ba3 b5 30. Bd3 a6 31. Kg1 Rd2 32. Bf1 Nf4 33. Re8+ Kg7
34. Ra8 Nxd5 35. Rxa6 b4 36. Bxb4 Nxb4 37. Ra7 d3 38. a3 Nd5 39. Rb7 Ne3  0-1

[Event "31. DSenEM2019 Gruppe 65+"]
[Site "Radebeul"]
[Date "2019.04.26"]
[Round "1.35"]
[White "Essegern, Kurt"]
[Black "Andrijenko, Anatoliy"]
[Result "1-0"]
[BlackElo "1828"]
[EventDate "2019.??.??"]
[PlyCount "141"]
[WhiteElo "2116"]
[WhiteTeam "Bad Salzungen"]

1. e4 c5 2. Nf3 g6 3. d4 cxd4 4. Nxd4 Bg7 5. Nc3 Nc6 6. Be3 d6 7. Bc4 Nf6 8. f3
Bd7 9. Qd2 a6 10. O-O-O O-O 11. h4 Re8 12. Bb3 b5 13. h5 Na5 14. hxg6 Nxb3+ 15.
axb3 fxg6 16. Bh6 e5 17. Bxg7 Kxg7 18. Nde2 b4 19. Nd5 Nxd5 20. Qh6+ Kf6 21.
Rxd5 Be6 22. Qh4+ Kg7 23. Qxh7+ Kf6 24. Qh4+ Kg7 25. Qxd8 Raxd8 26. Rd3 d5 27.
exd5 Rxd5 28. Rxd5 Bxd5 29. Kd2 e4 30. Nd4 exf3 31. gxf3 Kf6 32. Ra1 Bb7 33.
Ra4 Rd8 34. Ke3 Re8+ 35. Kd3 Rd8 36. Rxb4 Bxf3 37. Ke3 Bd5 38. Rb6+ Kg5 39.
Rxa6 Re8+ 40. Kd3 Be4+ 41. Kd2 Kf4 42. c3 g5 43. Re6 Rg8 44. Ne2+ Kf5 45. Re7
Ba8 46. b4 g4 47. b5 g3 48. c4 g2 49. b6 Kf6 50. Re3 g1=Q 51. Nxg1 Rxg1 52. b4
Rb1 53. b5 Ra1 54. Kc2 Kf7 55. Kb2 Rg1 56. Kc3 Rg6 57. c5 Re6 58. Rh3 Re5 59.
Kb4 Re4+ 60. Ka5 Re2 61. b7 Bxb7 62. Rh7+ Ke6 63. Rxb7 Kd5 64. Kb6 Re6+ 65. c6
Kc4 66. Ka7 Kc5 67. c7 Re8 68. Rb8 Re7 69. b6 Kc6 70. Ka8 Rxc7 71. bxc7  1-0

[Event "31. DSenEM2019 Gruppe 65+"]
[Site "Radebeul"]
[Date "2019.04.26"]
[Round "1.36"]
[White "Richter, Andreas"]
[Black "Neumann, Joachim"]
[Result "0-1"]
[BlackElo "2116"]
[BlackTeam "SC Agon Neumünster"]
[EventDate "2019.??.??"]
[PlyCount "32"]
[WhiteElo "1814"]
[WhiteTeam "BSV Chemie Radebeul"]

1. d4 Nf6 2. c4 e6 3. Nc3 Bb4 4. e3 O-O 5. Bd3 d5 6. a3 Bxc3+ 7. bxc3 dxc4 8.
Bxc4 c5 9. Nf3 Qc7 10. Bd3 cxd4 11. cxd4 Qc3+ 12. Qd2 Qxa1 13. O-O b6 14. Bc4
Qb1 15. Bd3 Qb3 16. Ne5 Ba6  0-1

[Event "31. DSenEM2019 Gruppe 65+"]
[Site "Radebeul"]
[Date "2019.04.26"]
[Round "1.37"]
[White "Krüger, Erich"]
[Black "Siewert, Wolfgang"]
[Result "1-0"]
[BlackElo "1807"]
[BlackTeam "SV Eiche Reichenbrand"]
[EventDate "2019.??.??"]
[PlyCount "0"]
[WhiteElo "2113"]
[WhiteTeam "SF Essen-Katernberg"]

1. d4 e6 2. c4 Nf6 3. Nc3 Bb4 4. Nf3 c5 5. g3 cxd4 6. Nxd4 Ne4 7. Qc2 Nxc3 8.
bxc3 Be7 9. Bg2 Nc6 10. O-O O-O $155 11. Qa4 Nxd4 12. cxd4 d6 13. Rb1 Bd7
14. Qc2 Rb8 15. Rxb7 Rxb7 16. Bxb7 Qb6 17. Bg2 Qxd4 18. Be3 Qe5 19. Bxa7 Qa5
20. Bd4 Rc8 21. Be4 f5 22. Bd3 Ra8 23. e4 Qxa2 24. Ra1 Qxa1+ 25. Bxa1 Rxa1+ 26.
Kg2 Bc6 27. Kh3 fxe4 28. Bxe4 Bxe4 29. Qxe4 Kf7 30. Qxh7 Ra5 31. f4 Rc5 32. Qd3
Rh5+ 33. Kg2 Ra5 34. h4 g6 35. Kh3 Rf5 36. Qd4 Rc5 37. g4 d5 38. cxd5 Rxd5 39.
Qh8 Bf6 40. Qh7+ Bg7 41. h5 gxh5 42. gxh5 Rd1 43. Qg6+ Kf8 44. Qxe6 Rh1+ 45.
Kg4 Rg1+ 46. Kf5 Rh1 47. Kg6 Rg1+ 48. Kh7 Ba1 49. h6 Rh1 50. f5 Rg1 51. f6 Bxf6
52. Qxf6+ Ke8 53. Qg6+ Rxg6 54. Kxg6 Kf8 55. h7  1-0

[Event "31. DSenEM2019 Gruppe 65+"]
[Site "Radebeul"]
[Date "2019.04.26"]
[Round "1.38"]
[White "Kanibalotska, Elisabeth"]
[Black "Leiber, Bernard"]
[Result "0-1"]
[BlackElo "2110"]
[BlackTeam "SV Osnabrück"]
[EventDate "2019.??.??"]
[PlyCount "118"]
[WhiteElo "1794"]
[WhiteTeam "SV Lok Dresden"]

1. Nf3 d5 2. g3 Nc6 3. Bg2 e5 4. d3 Nf6 5. O-O Be7 6. Nbd2 O-O 7. c3 Bg4 8. e4
Qd7 9. Re1 Rad8 10. exd5 Nxd5 11. Qe2 Rfe8 12. Qf1 Bf8 13. Nc4 f6 14. Ncd2 Nb6
15. d4 exd4 16. Nxd4 Nxd4 17. Rxe8 Rxe8 18. cxd4 Be2 19. Qe1 Bf3 20. Qf1 Bxg2
21. Kxg2 Qxd4 22. Nb3 Qe4+ 23. Kg1 Nc4 24. Nd2 Nxd2 25. Bxd2 Qd5 26. Be3 Rd8
27. b3 a5 28. Rc1 c6 29. Bb6 Rd7 30. Rc2 Bb4 31. Qc4 Qxc4 32. bxc4 Rd2 33. Rxd2
Bxd2 34. a4 Kf7 35. Kf1 Ke6 36. Ke2 Bb4 37. Kd3 Kd6 38. Be3 Bc5 39. Bf4+ Ke6
40. f3 b6 41. h3 Bd6 42. Be3 Bxg3 43. Bxb6 Be1 44. Bc7 Kf5 45. Kd4 Bb4 46. Bxa5
Bxa5 47. Kc5 Ke5 48. Kxc6 Kd4 49. Kb5 Bd8 50. c5 Kd5 51. c6 Kd6 52. a5 Bxa5 53.
Kxa5 Kxc6 54. Kb4 Kd5 55. Kc3 Ke5 56. Kd3 Kf4 57. Ke2 Kg3 58. Ke3 f5 59. h4 g6 
0-1

[Event "31. DSenEM2019 Gruppe 65+"]
[Site "Radebeul"]
[Date "2019.04.26"]
[Round "1.39"]
[White "Jacob, Helmut"]
[Black "Mertens, Gottfried"]
[Result "1/2-1/2"]
[BlackElo "1782"]
[BlackTeam "SK Weinheim"]
[EventDate "2019.??.??"]
[PlyCount "0"]
[WhiteElo "2107"]
[WhiteTeam "SK Ochtrup"]

1. e4 e6 2. Nf3 d5 3. Nc3 dxe4 4. Nxe4 Be7 5. d4 Nf6 6. Bd3 b6 7. c3 O-O 8.
Qe2 Bb7 9. O-O Nbd7 10. Re1 Nxe4 11. Bxe4 Bxe4 12. Qxe4 Nf6 13. Qe2 c5 14.
Bg5 cxd4 15. Nxd4 Qd5 16. Nf3 Rad8 17. b3 Qd3 18. Nd4 Qxe2 19. Rxe2 Nd5 20. Bd2
Bf6 21. Nf3 Rd7 22. a4 Rc8 23. a5 b5 24. a6 Rc6 25. Ra5 Nc7 26. Bf4 Nd5 27. Be5
Rb6 28. Rd2 Bxe5 29. Nxe5 Rdd6 30. c4 bxc4 31. Nxc4 Rxa6 32. Rb5 Rd8 33. Ne3
Rad6 34. Nc4 R6d7 35. Ne5 Rc7 36. h3 f6 37. Nc4 Kf7 38. Ra5 Rb7 39. Ra6 Rbd7
40. Ra1 Ke7 41. Rda2 Nb6 42. Rxa7 Nxc4 43. bxc4 Rxa7 44. Rxa7+ Rd7 45. Rxd7+
Kxd7 46. Kf1 Kc6 47. Ke2 Kc5 48. Kd3 e5 49. g4 g6 50. Ke4 Kxc4 51. g5 f5+ 52.
Kxe5 Kd3 53. Kf6 Ke2 54. Kg7 Kxf2 55. Kxh7 Kg3 56. Kxg6 f4 57. Kh7 f3  1/2-1/2

[Event "31. DSenEM2019 Gruppe 65+"]
[Site "Radebeul"]
[Date "2019.04.26"]
[Round "1.40"]
[White "Jacob, Barbara"]
[Black "Bogorad, Michail"]
[Result "0-1"]
[BlackElo "2104"]
[BlackTeam "Bahn-SC Wuppertal"]
[EventDate "2019.??.??"]
[PlyCount "66"]
[WhiteElo "1776"]
[WhiteTeam "SK Ochtrup"]

1. e4 c5 2. d4 cxd4 3. c3 Qa5 4. Nf3 Nc6 5. Bc4 Nf6 6. O-O Nxe4 7. Nxd4 e6 8.
Nxc6 bxc6 9. Bd3 Nf6 10. Nd2 d5 11. Nf3 Bd6 12. Re1 Qc7 13. Qe2 h6 14. g3 O-O
15. Ne5 Bxe5 16. Qxe5 Qxe5 17. Rxe5 Nd7 18. Re1 Nc5 19. Bc2 Ba6 20. Be3 Nd7 21.
b4 Bc4 22. a4 g5 23. f4 f6 24. Bd4 Kf7 25. Be3 a6 26. a5 Rg8 27. Rad1 Rae8 28.
Bd3 Bxd3 29. Rxd3 gxf4 30. Bxf4 h5 31. Kf2 e5 32. Bc1 e4 33. Rd4 Ne5  0-1

[Event "31. DSenEM2019 Gruppe 65+"]
[Site "Radebeul"]
[Date "2019.04.26"]
[Round "1.41"]
[White "Dekan, Hans"]
[Black "Gafke, Manfred"]
[Result "1-0"]
[BlackElo "1765"]
[BlackTeam "SV Lok Dresden"]
[EventDate "2019.??.??"]
[PlyCount "121"]
[WhiteElo "2102"]
[WhiteTeam "SC Eppingen"]

1. e4 d5 2. exd5 Qxd5 3. Nc3 Qd8 4. Bc4 Nf6 5. d3 Bf5 6. Nf3 e6 7. O-O h6 8. Re1
c6 9. Bf4 Bd6 10. Bg3 O-O 11. Bh4 Nbd7 12. Ne4 Be7 13. Bg3 Nb6 14. Bb3 Nxe4 15.
dxe4 Bg4 16. Qe2 Bc5 17. Rad1 Qf6 18. c3 Bxf3 19. gxf3 Rad8 20. Bc2 e5 21. b4
Bd6 22. a4 Bc7 23. a5 Nc8 24. Bb3 Nd6 25. Rd3 Nb5 26. Red1 Rxd3 27. Rxd3 Rd8
28. Kg2 Rxd3 29. Qxd3 Qd6 30. Qc4 Qe7 31. a6 Bd6 32. Ba4 Qd7 33. axb7 Qxb7 34.
Qd3 Qb8 35. Kf1 a6 36. c4 Nd4 37. c5 Bc7 38. Qxa6 Nxf3 39. Qxc6 Qd8 40. Qe8+
Qxe8 41. Bxe8 Nd2+ 42. Ke2 Nxe4 43. f3 Nc3+ 44. Kd3 Nd5 45. Be1 Kf8 46. Ba4 Ke7
47. Bd2 Kd8 48. Bb3 Nf6 49. Bxf7 e4+ 50. fxe4 Bxh2 51. Bc3 Ke7 52. Bg6 Kd8 53.
Bxf6+ gxf6 54. Kc4 Bg1 55. Kd5 Kc7 56. b5 Bh2 57. b6+ Kb7 58. Kc4 Kc6 59. Be8+
Kb7 60. Kb5 h5 61. Bxh5  1-0

[Event "31. DSenEM2019 Gruppe 65+"]
[Site "Radebeul"]
[Date "2019.04.26"]
[Round "1.42"]
[White "Prause, Dieter"]
[Black "Villing, Dieter"]
[Result "1/2-1/2"]
[BlackElo "2100"]
[BlackTeam "SK Ludwigshafen"]
[EventDate "2019.??.??"]
[PlyCount "0"]
[WhiteElo "1760"]
[WhiteTeam "SK Delbrück"]

1. c4 b6 2. d4 e6 3. Nc3 Bb7 4. e4 Bb4 5. Qc2 Nc6 6. Be3 f5 7. Bd3 fxe4 8. Bxe4
Nf6 9. Bf3 O-O 10. a3 Bxc3+ 11. Qxc3 Qe8 12. Ne2 Nd8 13. Bxb7 Nxb7 14. Ng3 Qg6
15. O-O Nd6 16. Rac1 Rae8 17. Qc2 Nf5 18. Nxf5 exf5 19. Rfe1 Ne4 20. f3 Ng5 21.
Bxg5 Qxg5 22. Qc3 f4 23. Re5 Rxe5 24. dxe5 d6 25. Re1 dxe5 26. Rxe5 Qf6 27. Qe1
Rd8 28. Re8+ Kf7 29. Re4 Qd6 30. Kf2 Qc5+ 31. Kf1 Rd4 32. Qe2 Qd6 33. Rxd4 Qxd4
34. Qc2 g6 35. Ke2 Qe3+ 36. Kf1 Kf6 37. Qe2 Qd4 38. g4 fxg3 39. hxg3 h5 40. Kg2
Kf7 41. b4 a6 42. Qc2 c5 43. bxc5 bxc5 44. a4 a5 45. Qb3 Qd2+ 46. Kh3 Qd7+ 47.
Kg2 Qe7 48. Kf2 Qd6 49. Kg2 Qd2+ 50. Kh3 Kg7 51. f4 Qe1 52. Qb2+ Kh7 53. Kh2 h4
54. Qb7+ Kh6 55. Qg2 hxg3+ 56. Qxg3 Qe2+ 57. Kh3 Qxc4 58. Qh4+ Kg7 59. Qe7+ Qf7
60. Qe5+ Qf6  1/2-1/2

[Event "31. DSenEM2019 Gruppe 65+"]
[Site "Radebeul"]
[Date "2019.04.26"]
[Round "1.43"]
[White "Hanisch, Friedrich"]
[Black "Fritsch, Jürgen"]
[Result "1-0"]
[BlackElo "1751"]
[BlackTeam "HSK Lister Turm"]
[EventDate "2019.??.??"]
[PlyCount "78"]
[WhiteElo "2095"]
[WhiteTeam "SV Altensittenbach"]

1. d4 d5 2. c4 c6 3. cxd5 cxd5 4. Bf4 Nf6 5. Nc3 e6 6. e3 Bd7 7. Bd3 Nc6 8. Rc1
a6 9. Nf3 Nh5 10. Be5 f5 11. h3 Nf6 12. a3 Be7 13. O-O O-O 14. Bh2 Ne4 15. Ne1
Bg5 16. f4 Bh4 17. Bxe4 fxe4 18. g3 Be7 19. g4 Na5 20. Ng2 Nc4 21. Qe2 Rc8 22.
Rfe1 b5 23. Nb1 a5 24. Rc2 b4 25. axb4 axb4 26. b3 Na3 27. Rxc8 Qxc8 28. Qb2
Nb5 29. Rc1 Qa6 30. Bg3 Ra8 31. Ne1 Qa2 32. Qc2 Qa1 33. Nd2 Ra2 34. Rxa1 Rxc2
35. Nxc2 Kf7 36. Be1 g5 37. fxg5 Bxg5 38. Nf1 Nc3 39. Nxb4 Bb5  1-0

[Event "31. DSenEM2019 Gruppe 65+"]
[Site "Radebeul"]
[Date "2019.04.26"]
[Round "1.44"]
[White "Wenske, Hardy"]
[Black "Siegmund, Rainer"]
[Result "0-1"]
[BlackElo "2093"]
[BlackTeam "SV Dresden-Striesen"]
[EventDate "2019.??.??"]
[PlyCount "57"]
[WhiteElo "1747"]
[WhiteTeam "Kieler SG"]

1. Nf3 c5 2. e3 d5 3. d4 e6 4. c3 Nf6 5. Bd3 Nc6 6. Nbd2 Bd6 7. O-O O-O 8. Re1
e5 9. dxe5 Nxe5 10. Nxe5 Bxe5 11. h3 Bc7 12. e4 Re8 13. exd5 Rxe1+ 14. Qxe1
Qxd5 15. Bc4 Qd6 16. Nf3 Bf5 17. Be3 Rd8 18. Bb3 Qc6 19. Bd1 h6 20. c4 b6 21.
Be2 Be4 22. Rd1 Re8 23. Qd2 Qe6 24. b3 Bc6 25. Re1 Ne4 26. Qc2 Bd8 27. Bd3 f5
28. Nd2 Qg6 29. Be2  0-1

[Event "31. DSenEM2019 Gruppe 65+"]
[Site "Radebeul"]
[Date "2019.04.26"]
[Round "1.45"]
[White "Meier, Wolfgang"]
[Black "Andrasch, Peter"]
[Result "1-0"]
[BlackElo "1740"]
[BlackTeam "SF Nordost Berlin"]
[EventDate "2019.??.??"]
[PlyCount "71"]
[WhiteElo "2092"]
[WhiteTeam "SSV Altenberg"]

1. c4 c5 2. Nf3 Nc6 3. d4 cxd4 4. Nxd4 e5 5. Nb5 Nf6 6. N1c3 a6 7. Nd6+ Bxd6 8.
Qxd6 Qe7 9. Qxe7+ Nxe7 10. Bg5 Nfg8 11. O-O-O h6 12. Be3 Nf6 13. Bb6 O-O 14. e4
Re8 15. f3 d5 16. Nxd5 Nexd5 17. cxd5 Bd7 18. Bd3 Rac8+ 19. Kb1 Nh5 20. g3 Nf6
21. Rc1 Bh3 22. Rxc8 Rxc8 23. Rc1 Rxc1+ 24. Kxc1 Nd7 25. Be3 h5 26. Kd2 Kf8 27.
b4 Ke7 28. Bc5+ Kd8 29. f4 Kc7 30. Ke3 Bg4 31. Be2 exf4+ 32. gxf4 Nf6 33. Bf3
Kd7 34. Bd4 Bxf3 35. Kxf3 Ng4 36. h3  1-0

[Event "31. DSenEM2019 Gruppe 65+"]
[Site "Radebeul"]
[Date "2019.04.26"]
[Round "1.46"]
[White "Möws, Harald"]
[Black "Bodach, Hans"]
[Result "0-1"]
[BlackElo "2078"]
[BlackTeam "SV Dresden-Leuben"]
[EventDate "2019.??.??"]
[PlyCount "0"]
[WhiteElo "1737"]
[WhiteTeam "SV Einheit Schwerin"]

1. e4 c5 2. f4 d6 3. Nf3 Nc6 4. Bb5 Bd7 5. Bxc6 Bxc6 6. d3 g6 7. O-O Bg7 8. Qe2
e6 9. h3 Ne7 10. c3 O-O 11. Be3 b6 12. Nbd2 Qc7 13. Bf2 Rae8 14. g4 f5 15. Bg3
b5 16. Rab1 Qd7 17. c4 fxg4 18. hxg4 e5 19. f5 gxf5 20. gxf5 Bf6 21. b3 Kh8 22.
Qh2 Rg8 23. Kf2 Rg7 24. Rh1 Reg8 25. Rbg1 Rf8 26. Qh5 Qe8 27. Qxe8 Bxe8 28. Rh3
a6 29. Rgh1 h5 30. Nf1 Ng8 31. Ne3 Nh6 32. Nh2 Kg8 33. Kf3 Bd8 34. Bh4 Bxh4 35.
Rxh4 Nf7 36. Kf2 Nd8 37. Nhf1 Ne6 38. Nd5 bxc4 39. bxc4 Rb7 40. Ng3 Rb2+ 41.
Ke3 Nd4 42. R1h2 Nc2+ 43. Kd2 Nd4+ 44. Kc1 Rxh2 45. Rxh2 Nf3 46. Rh3 h4 47. Nf1
Bh5 48. Nh2 Nd4 49. Rxh4 Bf7 50. Nf6+ Kg7 51. Nhg4 Bg8 52. Nh5+ Kf7 53. Nh6+
Ke7 54. Rg4 Bf7 55. Rg7 Nc6 56. Ng4 Rh8 57. Nhf6 Nb4 58. Kd2 Rh3 59. Ng8+ Kf8
60. Rxf7+ Kxf7 61. N8h6+ Kf8 62. f6 Rxd3+ 63. Ke2 Rd4 64. Kf3 Rd3+ 65. Kf2 Rd2+
66. Kf3 Nc2 67. f7 Nd4+ 68. Kg3 Kg7 69. Nf6 Ne6 70. Nfg4 Rd1 71. a4 Kg6 72. Kg2
Rd3 73. Nf5 Kxf7 74. Ngh6+ Kg6 75. Ng4 Kg5 76. Nf2 Rd2 77. Kf1 Kf4 78. Ke1 Rd4
79. Nxd4 cxd4 80. Kd2 Nc5 81. Nd3+ Kxe4 82. Nb2 Kf5 83. a5 e4 84. Ke1 e3 85.
Kf1 d3 86. Ke1 Ke4 87. Nd1 Kd4 88. Nb2 Nb3 89. Nd1 Nxa5 90. Nb2 Nxc4 91. Nd1 a5
92. Kf1 e2+ 93. Ke1 exd1=Q+ 94. Kxd1 Kc3  0-1

[Event "31. DSenEM2019 Gruppe 65+"]
[Site "Radebeul"]
[Date "2019.04.26"]
[Round "1.47"]
[White "Esswein, Karlheinz"]
[Black "Hülle, Gunter"]
[Result "1-0"]
[BlackElo "1736"]
[BlackTeam "SV Springer Leipzig"]
[EventDate "2019.??.??"]
[PlyCount "61"]
[WhiteElo "2077"]
[WhiteTeam "SK Ludwigshafen"]

1. e4 e6 2. Qe2 Qe7 3. Nc3 c6 4. d4 d5 5. e5 b5 6. a3 a5 7. Qg4 g6 8. Nf3 h5 9.
Qg3 Bh6 10. Ng5 f6 11. exf6 Qxf6 12. Bd3 Ne7 13. Ne2 Nd7 14. h4 e5 15. c3 Nf5
16. Bxf5 gxf5 17. dxe5 Nxe5 18. O-O Ng6 19. Re1 O-O 20. Qc7 Bxg5 21. Bxg5 Qf7
22. Qxc6 Bd7 23. Qd6 f4 24. Nd4 Rae8 25. Nf3 Re4 26. Nd2 Rxe1+ 27. Rxe1 Re8 28.
Rxe8+ Bxe8 29. Nf3 Qf5 30. Qd8 Qe6 31. Qxa5  1-0